|
|
|
|
| LEADER |
00000nab a2200000uu 4500 |
| 001 |
vtls011505728 |
| 003 |
SK-MaSNL |
| 005 |
20260304030228.0 |
| 008 |
250310|1961 xo |||||||||||||||||cze| |
| 015 |
|
|
|a SNBRB
|
| 035 |
|
|
|a (urnnbn)urn:nbn:sk:snk:ar-a0boas
|
| 035 |
|
|
|a (uuid)e895cecf-af34-41ca-bf4f-471f6a50420c
|
| 035 |
|
|
|a urn:nbn:sk:snk-abdz2u
|
| 040 |
|
|
|a SNKBUCL
|b slo
|c SNKBUCL
|e AACR2
|
| 041 |
0 |
|
|a cze
|
| 044 |
|
|
|a xo
|c SK
|
| 100 |
1 |
|
|a Slabý, Zdeněk Karel,
|d 1930-2020
|4 aut
|9 99413
|
| 245 |
1 |
0 |
|a BOHATSTVÍ I PROSTOTA DÍVČÍHO DENÍKU
|c Z. K. Slabý
|
| 773 |
0 |
|
|t Zlatý máj : kritická revue tvorby pro mládež
|g Roč. 5, č. 6 (1961), s. 266-267
|
| 958 |
|
|
|a OND
|
| 958 |
|
|
|a article20
|
| 999 |
|
|
|c 2632713
|d 2634643
|